Welcome to the Holygrace Academy Library

Please use search bar below to get started

MAR-KATE AND ASHLEY (Record no. 2457)

MARC details
000 -LEADER
fixed length control field 00334nam a22001337a 4500
020 ## - INTERNATIONAL STANDARD BOOK NUMBER
ISBN 0-00-714879-8
082 ## - DEWEY DECIMAL CLASSIFICATION NUMBER
Classification number 823
Item number HAR/S
100 ## - MAIN ENTRY--AUTHOR NAME
Personal name HARRISON, EMMA
245 ## - TITLE STATEMENT
Title MAR-KATE AND ASHLEY
Remainder of title SWEET 16 NEVER BEEN KISSED
260 ## - PUBLICATION, DISTRIBUTION, ETC. (IMPRINT)
Place of publication NEW YORK
Name of publisher PARACHUTE PRESS BOOK
Year of publication 2002
300 ## - PHYSICAL DESCRIPTION
Number of Pages 132
650 ## - SUBJECT ADDED ENTRY--TOPICAL TERM
Topical Term NOVEL
Geographic subdivision UNITED STATES
942 ## - ADDED ENTRY ELEMENTS (KOHA)
Koha item type Books
Holdings
Withdrawn status Lost status Collection code Home library Current library Shelving location Date acquired Source of acquisition Full call number Accession Number Koha item type
    Fiction Main Library Main Library SHELF 1-J-ENGLISH NOVELS FOR TEACHERS 13/03/2014 purchase 823 HAR/S 07877 Books